000 00444nam a2200181Ia 4500
001 24174
005 20260414151026.0
008 260414t2018||||xx |||||||||||||| ||spa||
041 _aESP
082 _a791.43655
_bCH533
100 _aChávez Huanca, Eddy,
_eAUT
245 0 _aLos tribunales de justicia en el cine
_b
260 _c2018
300 _a373 páginas :
_c24 cm.
650 _aABD
654 _aCAU
942 _cLIB
_dJUS
_fJUS
_2ddc
_n
999 _c24174
_d24174